[Event "Mercredi 2016.05.11 ABCD"]
[Site "Montreal CAN"]
[Date "2016.05.18"]
[Round "2"]
[White "Heredia, Jose"]
[Black "Have, Didier"]
[Result "1-0"]
[WhiteElo "1948"]
[BlackElo "1990"]
[PlyCount "61"]
[EventDate "2016.05.11"]
[EventType "tourn"]
[EventRounds "5"]
[EventCountry "CAN"]

1. d4 Nf6 2. Nf3 g6 3. e3 Bg7 4. Bd3 O-O 5. O-O d6 6. Nbd2 Nbd7 7. b3 e5 8. Bb2
Re8 9. dxe5 dxe5 10. Ng5 h6 11. Nge4 Nxe4 12. Nxe4 f5 13. Bc4+ Kh7 14. Ng3 Qh4
15. Qe2 Nf6 16. Rfd1 f4 17. Nf1 Bd7 18. f3 Bc6 19. Bb5 e4 20. Bxc6 bxc6 21.
fxe4 Rxe4 22. Qf3 Rae8 23. exf4 Nd5 24. Bxg7 Kxg7 25. c4 Nxf4 26. Ng3 Re3 27.
Rd7+ Kh8 28. Qf2 Re2 29. Nxe2 Nxe2+ 30. Kf1 Qxh2 31. Qf6+ 1-0

[Event "Mercredi 2016.05.11 ABCD"]
[Site "Montreal CAN"]
[Date "2016.05.18"]
[Round "2"]
[White "Langlois-Remillard, Alexis"]
[Black "Brassard, Sylvain"]
[Result "1-0"]
[WhiteElo "1919"]
[BlackElo "1898"]
[PlyCount "53"]
[EventDate "2016.05.11"]
[EventType "tourn"]
[EventRounds "5"]
[EventCountry "CAN"]

1. d4 d5 2. c4 e6 3. Nf3 Nf6 4. g3 c6 5. Bg2 dxc4 6. O-O Be7 7. Nc3 Nd5 8. Ne5
Nd7 9. Nxc4 Nxc3 10. bxc3 O-O 11. Bf4 Nb6 12. Ne5 Nd5 13. Bd2 f6 14. Nd3 Qd7
15. e4 Nb6 16. Qb3 c5 17. Nxc5 Bxc5 18. dxc5 Na4 19. Be3 Qc6 20. e5 Qa6 21.
Rfd1 Qa5 22. c6 Nxc3 23. Rd3 Ne2+ 24. Kf1 b6 25. c7 Ba6 26. Bxa8 Rxa8 27. Qxe6+
1-0

[Event "Mercredi 2016.05.11 ABCD"]
[Site "Montreal CAN"]
[Date "2016.05.18"]
[Round "2"]
[White "Lebeau, Gilbert"]
[Black "Jacquet, Stephane"]
[Result "1-0"]
[WhiteElo "2053"]
[BlackElo "2036"]
[PlyCount "95"]
[EventDate "2016.05.11"]
[EventType "tourn"]
[EventRounds "5"]
[EventCountry "CAN"]

1. d4 d5 2. c4 dxc4 3. Nf3 Nf6 4. e3 e6 5. Bxc4 c5 6. O-O a6 7. Bb3 b5 8. a4 b4
9. Qe2 cxd4 10. Rd1 d3 11. Rxd3 Qc7 12. Rd1 Bb7 13. Nbd2 Bc5 14. h3 Nbd7 15.
Nc4 O-O 16. Bd2 Rac8 17. Rac1 Qb8 18. Bc2 Qa8 19. Bb1 Nb6 20. Nxb6 Bxb6 21.
Bxb4 Rxc1 22. Rxc1 Rc8 23. Rxc8+ Qxc8 24. Qc2 Qxc2 25. Bxc2 Nd5 26. Bd2 Kf8 27.
Kf1 Ke7 28. b4 g6 29. Ne5 Bc7 30. Nc4 f6 31. b5 axb5 32. axb5 e5 33. e4 Nf4 34.
Bb4+ Kd7 35. f3 h5 36. Ba4 Ke6 37. Na5 Ba8 38. Bb3+ Kd7 39. Bc4 f5 40. exf5
gxf5 41. Nb3 e4 42. fxe4 fxe4 43. Nc5+ Kc8 44. Ne6 e3 45. Nxf4 Bxf4 46. Be2 h4
47. Bf3 Bxf3 48. gxf3 1-0

[Event "Mercredi 2016.05.11 ABCD"]
[Site "Montreal CAN"]
[Date "2016.05.18"]
[Round "2"]
[White "Nardone, Raul"]
[Black "Baran, Marius"]
[Result "0-1"]
[WhiteElo "1793"]
[BlackElo "1775"]
[PlyCount "96"]
[EventDate "2016.05.11"]
[EventType "tourn"]
[EventRounds "5"]
[EventCountry "CAN"]

1. d4 d5 2. Nf3 Nf6 3. e3 Bf5 4. c4 e6 5. Qb3 Qc8 6. Nc3 c6 7. Bd2 Bd6 8. Rc1
Nbd7 9. cxd5 exd5 10. h3 Qb8 11. Be2 O-O 12. Nh4 Be6 13. Qc2 Re8 14. O-O Ne4
15. Nxe4 dxe4 16. Bg4 Bxg4 17. hxg4 g6 18. f4 exf3 19. Rxf3 Qd8 20. Qc4 Rf8 21.
Rh3 Nf6 22. Nf3 Ne4 23. Be1 Qd7 24. g5 Rae8 25. Bb4 Qe7 26. Bxd6 Nxd6 27. Qf1
Qxe3+ 28. Kh1 Nf5 29. Ne5 Ng3+ 30. Rxg3 Qxg3 31. Rc3 Qh4+ 32. Rh3 Qxd4 33. Nf3
Qf4 34. Rh4 Qf5 35. Qc1 Re4 36. Rh3 Rfe8 37. Qc3 Qe6 38. Kh2 Rc4 39. Qa3 Qe3
40. Qa5 Qf4+ 41. Rg3 Rc1 42. Qa3 Rh1+ 43. Kxh1 Qxg3 44. Qxa7 Rd8 45. Qg1 Rd5
46. Qc1 Qd6 47. Qe3 Rd1+ 48. Ng1 Qd4 0-1

[Event "Mercredi 2016.05.11 ABCD"]
[Site "Montreal CAN"]
[Date "2016.05.18"]
[Round "2"]
[White "Robidoux, Julien"]
[Black "Gauthier, Luc"]
[Result "1/2-1/2"]
[WhiteElo "1729"]
[BlackElo "1762"]
[PlyCount "43"]
[EventDate "2016.05.11"]
[EventType "tourn"]
[EventRounds "5"]
[EventCountry "CAN"]

1. c4 f5 2. Nf3 Nf6 3. g3 e6 4. Bg2 Be7 5. O-O O-O 6. Nc3 d6 7. d4 Qe8 8. b3
Ne4 9. Nxe4 fxe4 10. Ne1 d5 11. f3 exf3 12. Nxf3 Nd7 13. Qd3 Nf6 14. Ne5 c6 15.
c5 Qh5 16. b4 Ng4 17. Nxg4 Rxf1+ 18. Kxf1 Qxg4 19. Bd2 Bd7 20. Kg1 Rf8 21. Bf3
Qh3 22. Bg2 1/2-1/2

[Event "Mercredi 2016.05.11 ABCD"]
[Site "Montreal CAN"]
[Date "2016.05.18"]
[Round "2"]
[White "Rondon, Luciano"]
[Black "Nunez, Omar"]
[Result "1/2-1/2"]
[WhiteElo "1935"]
[BlackElo "1972"]
[PlyCount "44"]
[EventDate "2016.05.11"]
[EventType "tourn"]
[EventRounds "5"]
[EventCountry "CAN"]

1. d4 c5 2. d5 g6 3. c4 d6 4. Nc3 Bg7 5. e4 Na6 6. Be2 Nf6 7. f4 Nc7 8. Nf3 O-O
9. O-O a6 10. a4 Rb8 11. Re1 Nd7 12. Bd3 e6 13. e5 exd5 14. cxd5 Re8 15. exd6
Rxe1+ 16. Qxe1 Ne8 17. f5 Nxd6 18. fxg6 hxg6 19. Bf4 c4 20. Bxg6 fxg6 21. Qe6+
Nf7 22. Bxb8 Nde5 1/2-1/2

[Event "Mercredi 2016.05.11 ABCD"]
[Site "Montreal CAN"]
[Date "2016.05.25"]
[Round "3"]
[White "Baran, Marius"]
[Black "Dumouchel, Alain"]
[Result "0-1"]
[WhiteElo "1775"]
[BlackElo "1727"]
[PlyCount "86"]
[EventDate "2016.05.11"]
[EventType "tourn"]
[EventRounds "5"]
[EventCountry "CAN"]

1. e4 e5 2. Nf3 Nc6 3. d4 exd4 4. Bc4 Nf6 5. e5 d5 6. Bb5 Ne4 7. Nxd4 Bd7 8.
Bxc6 bxc6 9. O-O Be7 10. f3 Ng5 11. Nb3 Qb8 12. Be3 Ne6 13. Nc3 a5 14. a4 Qb4
15. f4 Nc5 16. Nxd5 cxd5 17. Qxd5 c6 18. Qf3 Nxb3 19. cxb3 O-O 20. f5 Bc5 21.
Rac1 Bxe3+ 22. Qxe3 Rfb8 23. e6 fxe6 24. fxe6 Qe7 25. Rce1 Be8 26. Rd1 Rd8 27.
Rxd8 Rxd8 28. Qb6 Rd5 29. Qf2 Re5 30. h3 Rxe6 31. Qd4 h5 32. Rf5 Bg6 33. Rxa5
Re1+ 34. Kf2 Re4 35. Qd2 Qf7+ 36. Kg1 Qxb3 37. Rg5 Qe6 38. b4 Kh7 39. a5 Re2
40. Qc3 Rc2 41. Qd4 Rc4 42. Qd2 Qe4 43. Qd6 Qe3+ 0-1

[Event "Mercredi 2016.05.11 ABCD"]
[Site "Montreal CAN"]
[Date "2016.05.25"]
[Round "3"]
[White "Brassard, Sylvain"]
[Black "Gates, Claude-Eric"]
[Result "1/2-1/2"]
[WhiteElo "1898"]
[BlackElo "1806"]
[PlyCount "42"]
[EventDate "2016.05.11"]
[EventType "tourn"]
[EventRounds "5"]
[EventCountry "CAN"]

1. b3 d5 2. Bb2 Nc6 3. e3 Nf6 4. Nf3 e6 5. Bb5 Bd7 6. O-O a6 7. Bxc6 Bxc6 8. d4
Be7 9. Ne5 Nd7 10. Nxc6 bxc6 11. Nd2 O-O 12. Qe2 f5 13. f3 c5 14. c3 Qe8 15.
Rae1 Qh5 16. e4 fxe4 17. fxe4 Rxf1+ 18. Nxf1 Qxe2 19. Rxe2 Re8 20. exd5 exd5
21. Ba3 Kf7 1/2-1/2

[Event "Mercredi 2016.05.11 ABCD"]
[Site "Montreal CAN"]
[Date "2016.05.25"]
[Round "3"]
[White "Gauthier, Luc"]
[Black "Nardone, Raul"]
[Result "0-1"]
[WhiteElo "1762"]
[BlackElo "1793"]
[PlyCount "54"]
[EventDate "2016.05.11"]
[EventType "tourn"]
[EventRounds "5"]
[EventCountry "CAN"]

1. e4 c5 2. Nc3 Nc6 3. f4 g6 4. Nf3 Bg7 5. Bb5 Nd4 6. O-O e6 7. d3 a6 8. Bc4 b5
9. Bb3 Nxb3 10. axb3 Bb7 11. Qe1 f5 12. exf5 gxf5 13. Qg3 Bd4+ 14. Nxd4 cxd4
15. Qg7 Qf6 16. Qxf6 Nxf6 17. Ne2 Rg8 18. g3 h5 19. Nxd4 h4 20. Ne2 hxg3 21.
hxg3 Ng4 22. Nd4 Rh8 23. Nf3 Rh3 24. Kg2 Rh2+ 25. Kg1 Rxc2 26. b4 Rac8 27. Rb1
Bxf3 0-1

[Event "Mercredi 2016.05.11 ABCD"]
[Site "Montreal CAN"]
[Date "2016.05.25"]
[Round "3"]
[White "Gulko, Andrei"]
[Black "Boudreau, Daniel"]
[Result "1-0"]
[WhiteElo "2139"]
[BlackElo "2130"]
[PlyCount "63"]
[EventDate "2016.05.11"]
[EventType "tourn"]
[EventRounds "5"]
[EventCountry "CAN"]

1. d4 Nf6 2. Bg5 Ne4 3. Bf4 d5 4. e3 c5 5. Bd3 Nf6 6. dxc5 Nc6 7. Bb5 e6 8.
Bxc6+ bxc6 9. b4 a5 10. c3 Nd7 11. Nf3 Ba6 12. Ne5 Nxe5 13. Bxe5 Qg5 14. Bg3
axb4 15. cxb4 e5 16. Nd2 f6 17. a4 Rb8 18. b5 cxb5 19. Nf3 Qg4 20. O-O Qd7 21.
Nxe5 fxe5 22. Qh5+ Kd8 23. Qxe5 Rc8 24. Rfd1 Rxc5 25. axb5 Qxb5 26. Bh4+ Kd7
27. Rab1 Qc6 28. e4 Bb7 29. Qf5+ Ke8 30. exd5 Be7 31. dxc6 Rxf5 32. cxb7 1-0

[Event "Mercredi 2016.05.11 ABCD"]
[Site "Montreal CAN"]
[Date "2016.05.25"]
[Round "3"]
[White "Have, Didier"]
[Black "Lebeau, Gilbert"]
[Result "1/2-1/2"]
[WhiteElo "1990"]
[BlackElo "2053"]
[PlyCount "87"]
[EventDate "2016.05.11"]
[EventType "tourn"]
[EventRounds "5"]
[EventCountry "CAN"]

1. e4 e6 2. d4 d5 3. Nd2 c5 4. Ngf3 cxd4 5. exd5 exd5 6. Nb3 Nf6 7. Nbxd4 Nc6
8. Be2 h6 9. Bf4 Bd6 10. Bxd6 Qxd6 11. O-O O-O 12. Re1 a6 13. a3 Bg4 14. Nh4
Qf4 15. Nhf3 Rfe8 16. Qc1 Qd6 17. h3 Nxd4 18. Nxd4 Bxe2 19. Rxe2 Rxe2 20. Nxe2
Qe5 21. Nf4 Rc8 22. Nd3 Qd4 23. Qd1 b5 24. c3 Qe4 25. f3 Qe3+ 26. Nf2 Re8 27.
Qd3 Qc5 28. Rd1 Re3 29. Qd4 Qe7 30. Ne4 Re2 31. Nxf6+ gxf6 32. Qxd5 Qe3+ 33.
Kh1 Rxb2 34. Qf5 Kg7 35. f4 Rxg2 36. Kxg2 Qe2+ 37. Kg3 Qxd1 38. Qg4+ Qxg4+ 39.
Kxg4 Kg6 40. f5+ Kg7 41. h4 Kf8 42. Kh5 Kg7 43. Kg4 Kf8 44. Kh5 1/2-1/2

[Event "Mercredi 2016.05.11 ABCD"]
[Site "Montreal CAN"]
[Date "2016.05.25"]
[Round "3"]
[White "Lamoureux, Yvon"]
[Black "Robidoux, Julien"]
[Result "0-1"]
[WhiteElo "1742"]
[BlackElo "1729"]
[PlyCount "34"]
[EventDate "2016.05.11"]
[EventType "tourn"]
[EventRounds "5"]
[EventCountry "CAN"]

1. e4 e6 2. d4 d5 3. Nd2 Nf6 4. e5 Nfd7 5. f4 c5 6. c3 Nc6 7. Ndf3 cxd4 8. cxd4
Qb6 9. Ne2 f6 10. g3 Bb4+ 11. Bd2 O-O 12. a3 Bxd2+ 13. Qxd2 fxe5 14. dxe5 Nc5
15. Nc1 Ne4 16. Qe2 Bd7 17. h4 Nxg3 0-1

[Event "Mercredi 2016.05.11 ABCD"]
[Site "Montreal CAN"]
[Date "2016.05.25"]
[Round "3"]
[White "Lopez Linares, Lizandro"]
[Black "Cloutier, Mathieu"]
[Result "1/2-1/2"]
[WhiteElo "2214"]
[BlackElo "2074"]
[PlyCount "134"]
[EventDate "2016.05.11"]
[EventType "tourn"]
[EventRounds "5"]
[EventCountry "CAN"]

1. Nf3 c5 2. c4 Nf6 3. Nc3 g6 4. g3 b6 5. Bg2 Bb7 6. O-O Bg7 7. d3 O-O 8. Rb1
d5 9. cxd5 Nxd5 10. Bd2 Nxc3 11. bxc3 Nd7 12. Qc2 e5 13. e4 Qc7 14. c4 Rad8 15.
Bc3 Nb8 16. h3 Nc6 17. Kh2 Qe7 18. a3 f5 19. exf5 Rxf5 20. Rbe1 Nd4 21. Nxd4
cxd4 22. Bb4 Qc7 23. Be4 Bxe4 24. Rxe4 a5 25. Bd2 Rdf8 26. Kg2 Qf7 27. Bc1 Rf3
28. Qe2 Rf5 29. h4 Qb7 30. f3 b5 31. cxb5 Qxb5 32. Qc2 R5f6 33. Qe2 Rc6 34. f4
Rfc8 35. Bd2 Rc2 36. Rf2 R8c3 37. fxe5 Rxd3 38. Qg4 Qd5 39. Be1 Rxf2+ 40. Kxf2
Bxe5 41. Kg1 Re3 42. Qc8+ Kg7 43. Rxe3 dxe3 44. Qe8 Bd4 45. Qe7+ Kh6 46. Qf8+
Kh5 47. Qf4 g5 48. hxg5 e2+ 49. Kh2 Be5 50. Qh4+ Kg6 51. Qh6+ Kf5 52. Qxh7+
Kxg5 53. Qh4+ Kg6 54. Qg4+ Kf6 55. Qxe2 Qe6 56. Qf3+ Qf5 57. Qe3 Qc2+ 58. Bf2
Qh7+ 59. Kg2 Qb7+ 60. Kf1 Qb1+ 61. Be1 Qf5+ 62. Kg1 Qg4 63. Kg2 Bd4 64. Qf4+
Qxf4 65. gxf4 Be3 66. Kf3 Bxf4 67. Kxf4 Ke6 1/2-1/2

[Event "Mercredi 2016.05.11 ABCD"]
[Site "Montreal CAN"]
[Date "2016.05.25"]
[Round "3"]
[White "Nunez, Omar"]
[Black "Heredia, Jose"]
[Result "1/2-1/2"]
[WhiteElo "1972"]
[BlackElo "1948"]
[PlyCount "42"]
[EventDate "2016.05.11"]
[EventType "tourn"]
[EventRounds "5"]
[EventCountry "CAN"]

1. f4 d5 2. b3 c5 3. e3 Nc6 4. Bb5 Bd7 5. Bb2 e6 6. Nf3 Nf6 7. O-O Be7 8. Bxc6
Bxc6 9. Ne5 Rc8 10. d3 O-O 11. Nd2 b6 12. Nxc6 Rxc6 13. Nf3 Nd7 14. e4 dxe4 15.
dxe4 c4 16. Nd4 Rc8 17. Rf3 Nc5 18. Qe2 cxb3 19. axb3 a5 20. Rd1 Qc7 21. Nb5
Qb7 1/2-1/2

[Event "Mercredi 2016.05.11 ABCD"]
[Site "Montreal CAN"]
[Date "2016.05.25"]
[Round "3"]
[White "Zumsteg, Nicolas"]
[Black "Beaulieu, Pierre"]
[Result "1/2-1/2"]
[WhiteElo "1864"]
[BlackElo "1820"]
[PlyCount "130"]
[EventDate "2016.05.11"]
[EventType "tourn"]
[EventRounds "5"]
[EventCountry "CAN"]

1. e4 g6 2. d4 Bg7 3. Nf3 d6 4. Be3 Nf6 5. Nbd2 c6 6. h3 Nbd7 7. c3 Qc7 8. Bd3
O-O 9. O-O e5 10. dxe5 dxe5 11. Bc4 b5 12. Bb3 Bb7 13. c4 a6 14. c5 Nh5 15. g3
Bf6 16. Nh2 Be7 17. Rc1 Ndf6 18. Qe2 Rad8 19. Rfd1 Bc8 20. Kg2 Ng7 21. Bh6 Rd4
22. Nhf3 Rd7 23. Ng5 Rdd8 24. a3 Nfh5 25. Ngf3 Kh8 26. g4 Nf4+ 27. Bxf4 exf4
28. e5 h5 29. g5 Be6 30. Qe4 Qc8 31. Bxe6 Nxe6 32. h4 Rd5 33. b4 Rfd8 34. Qe2
Rd3 35. Nb1 Qd7 36. Rxd3 Qxd3 37. Qxd3 Rxd3 38. Rc3 Rd1 39. Nbd2 Nc7 40. Ne4
Nd5 41. Rb3 Kg7 42. Nd6 Bd8 43. Nc8 Bc7 44. Nd6 Kf8 45. Nc8 Ne7 46. Nd6 Rd5 47.
Kf1 Nf5 48. Ke2 Ke7 49. Rd3 Rxd3 50. Kxd3 Ng7 51. Ke4 a5 52. Kxf4 axb4 53. axb4
Ke6 54. Ke4 Nf5 55. Nd4+ Nxd4 56. Kxd4 Bb8 57. f4 Bc7 58. Ke4 Bb8 59. Kf3 Bc7
60. Ne4 Kd5 61. Nd6 Ke6 62. Ne8 Bb8 63. Ke4 Ke7 64. Nd6 Ke6 65. Kd4 Bc7 1/2-1/2

[Event "Mercredi 2016.05.11 ABCD"]
[Site "Montreal CAN"]
[Date "2016.06.01"]
[Round "4"]
[White "Baran, Marius"]
[Black "Gauthier, Luc"]
[Result "1-0"]
[WhiteElo "1775"]
[BlackElo "1762"]
[PlyCount "137"]
[EventDate "2016.05.11"]
[EventType "tourn"]
[EventRounds "5"]
[EventCountry "CAN"]

1. e4 Nf6 2. e5 Nd5 3. d4 d6 4. Bc4 Nb6 5. e6 Nxc4 6. exf7+ Kxf7 7. Qf3+ Ke8 8.
Qh5+ g6 9. Qb5+ c6 10. Qxc4 d5 11. Qe2 Bg7 12. c3 Rf8 13. Be3 Nd7 14. Nf3 Nf6
15. h3 Kf7 16. O-O Kg8 17. Nbd2 Qb6 18. b3 Bf5 19. Ne5 Qc7 20. Bf4 Qc8 21. Qe3
Nd7 22. g4 Nxe5 23. Bxe5 Bxe5 24. Qxe5 Bxg4 25. hxg4 Qxg4+ 26. Qg3 Qh5 27. Rae1
Qh6 28. Nf3 Rf4 29. Rxe7 Raf8 30. Qh2 Rg4+ 31. Kh1 Qxh2+ 32. Nxh2 Rh4 33. Kg2
Rf5 34. Re3 Rfh5 35. Rh1 Kf7 36. Rf3+ Kg7 37. Rg3 Kg8 38. a3 Kg7 39. a4 a5 40.
Re3 Rg5+ 41. Rg3 Rgh5 42. f3 Kf7 43. Rg4 Rh3 44. Rf4+ Kg7 45. c4 dxc4 46. bxc4
g5 47. Re4 Kf7 48. d5 R3h4 49. Rxh4 Rxh4 50. Ng4 Rxh1 51. Kxh1 cxd5 52. cxd5
Ke7 53. Kg2 Kd6 54. Ne3 Kc5 55. Kf2 b5 56. axb5 Kxb5 57. d6 Kc6 58. Nc4 a4 59.
Kg3 a3 60. Nxa3 Kxd6 61. Kg4 h6 62. Nc4+ Ke6 63. Kh5 Kf5 64. Kxh6 g4 65. Ne3+
Kf4 66. fxg4 Ke5 67. g5 Ke6 68. g6 Kf6 69. Kh7 1-0

[Event "Mercredi 2016.05.11 ABCD"]
[Site "Montreal CAN"]
[Date "2016.05.31"]
[Round "4"]
[White "Boudreau, Daniel"]
[Black "Cloutier, Mathieu"]
[Result "1-0"]
[WhiteElo "2130"]
[BlackElo "2074"]
[PlyCount "111"]
[EventDate "2016.05.11"]
[EventType "tourn"]
[EventRounds "5"]
[EventCountry "CAN"]

1. e4 e5 2. Nc3 Nf6 3. Bc4 Bc5 4. f4 d6 5. Nf3 O-O 6. d3 a6 7. a3 b5 8. Ba2 Ng4
9. Qe2 Nf2 10. Rf1 Ng4 11. h3 Nf6 12. f5 Nh5 13. Bg5 Ng3 14. Bxd8 Nxe2 15. Kxe2
Rxd8 16. Ng5 Rd7 17. Nd5 c6 18. Ne3 h6 19. Nf3 Kh7 20. c3 Re7 21. f6 gxf6 22.
Nh4 Bxe3 23. Kxe3 Kg7 24. g4 Be6 25. Nf5+ Bxf5 26. Rxf5 Nd7 27. Raf1 Rg8 28. b4
Kh7 29. Bb3 Rg5 30. R5f2 h5 31. Bd1 h4 32. Bb3 Kg7 33. a4 Rg6 34. axb5 axb5 35.
Ra2 Rh6 36. Ra7 Kf8 37. Rb7 Kg7 38. Ra1 Rh8 39. Raa7 Rd8 40. Rc7 d5 41. Rxc6
d4+ 42. cxd4 exd4+ 43. Kd2 Ne5 44. Rxe7 Nxc6 45. Rxf7+ Kg6 46. Rc7 Ne5 47. Rb7
Rc8 48. Bd1 Kg5 49. Rh7 Rc3 50. Be2 Rb3 51. Rh5+ Kf4 52. Rf5+ Kg3 53. g5 Rb2+
54. Kd1 Kxh3 55. gxf6 Nf7 56. e5 1-0

[Event "Mercredi 2016.05.11 ABCD"]
[Site "Montreal CAN"]
[Date "2016.06.01"]
[Round "4"]
[White "Brassard, Sylvain"]
[Black "Barko, Maxim"]
[Result "0-1"]
[WhiteElo "1898"]
[BlackElo "1888"]
[PlyCount "73"]
[EventDate "2016.05.11"]
[EventType "tourn"]
[EventRounds "5"]
[EventCountry "CAN"]

1. d4 Nf6 2. c4 e6 3. g3 c5 4. d5 exd5 5. cxd5 d6 6. Bg2 g6 7. e4 Bg7 8. Ne2
O-O 9. Nbc3 Re8 10. O-O b5 11. Qc2 Qb6 12. f3 c4+ 13. Kh1 Na6 14. a3 Bd7 15.
Nd1 Rac8 16. Be3 Qb7 17. Bf4 Qb6 18. Be3 Qb8 19. Bd4 Nc5 20. Rb1 a5 21. Nf2 Nb3
22. Bc3 b4 23. axb4 axb4 24. Be1 Ba4 25. Nc1 Nd7 26. Nxb3 Bxb3 27. Qd2 c3 28.
bxc3 bxc3 29. Qe3 c2 30. Rc1 Bxd5 31. Bh3 Be6 32. Bxe6 Rxe6 33. Nd3 Qb3 34. Qe2
Ne5 35. Nb4 Rc4 36. Nxc2 Nd3 37. Na1 0-1

[Event "Mercredi 2016.05.11 ABCD"]
[Site "Montreal CAN"]
[Date "2016.06.01"]
[Round "4"]
[White "Dumouchel, Alain"]
[Black "Robidoux, Julien"]
[Result "1/2-1/2"]
[WhiteElo "1727"]
[BlackElo "1729"]
[PlyCount "41"]
[EventDate "2016.05.11"]
[EventType "tourn"]
[EventRounds "5"]
[EventCountry "CAN"]

1. e4 c6 2. d4 d5 3. Nc3 dxe4 4. Nxe4 Bf5 5. Ng3 Bg6 6. Nf3 h6 7. Ne5 Bh7 8.
Qh5 g6 9. Qf3 Nf6 10. Bc4 e6 11. Bd2 Bg7 12. O-O-O Nbd7 13. Bb4 Nxe5 14. dxe5
Nd5 15. Bd6 Bxe5 16. Bxe5 Qg5+ 17. Kb1 Qxe5 18. Rhe1 Qc7 19. Bxd5 cxd5 20. Qxd5
O-O 21. Qd7 1/2-1/2

[Event "Mercredi 2016.05.11 ABCD"]
[Site "Montreal CAN"]
[Date "2016.06.01"]
[Round "4"]
[White "Gates, Claude-Eric"]
[Black "Beaulieu, Pierre"]
[Result "0-1"]
[WhiteElo "1806"]
[BlackElo "1820"]
[PlyCount "64"]
[EventDate "2016.05.11"]
[EventType "tourn"]
[EventRounds "5"]
[EventCountry "CAN"]

1. e4 g6 2. d4 Bg7 3. Nc3 d6 4. Nf3 Nf6 5. h3 c6 6. Be3 Qa5 7. Bd3 Nbd7 8. O-O
O-O 9. a3 e5 10. b4 Qc7 11. Qd2 Re8 12. Rad1 a6 13. Ng5 b5 14. f4 exd4 15. Bxd4
h6 16. Nf3 c5 17. Bxf6 Nxf6 18. e5 Nh5 19. Ne4 dxe5 20. fxe5 Rxe5 21. Nxc5 Rxc5
22. bxc5 Bb7 23. Qe3 Bf8 24. Nd4 Bxc5 25. Bxg6 fxg6 26. Qe6+ Kg7 27. Rfe1 Rd8
28. c3 Rd7 29. Qg4 Nf4 30. Rd2 h5 31. Qg5 Rd5 32. Qxd5 Nxd5 0-1

[Event "Mercredi 2016.05.11 ABCD"]
[Site "Montreal CAN"]
[Date "2016.06.01"]
[Round "4"]
[White "Gulko, Andrei"]
[Black "Tremblay, Alain"]
[Result "1-0"]
[WhiteElo "2139"]
[BlackElo "2237"]
[PlyCount "111"]
[EventDate "2016.05.11"]
[EventType "tourn"]
[EventRounds "5"]
[EventCountry "CAN"]

1. d4 Nf6 2. Bg5 Ne4 3. Bf4 d5 4. e3 Bf5 5. f3 Nf6 6. c4 e6 7. Nc3 c6 8. Qb3
Qb6 9. c5 Qxb3 10. axb3 Nbd7 11. g4 Bc2 12. b4 a6 13. b5 cxb5 14. Nxb5 Rc8 15.
Nd6+ Bxd6 16. Bxd6 Nb8 17. b4 Nc6 18. b5 axb5 19. Bxb5 Nd7 20. Kd2 Bg6 21. Ne2
h5 22. g5 h4 23. Nf4 Bf5 24. Ra4 f6 25. Rg1 fxg5 26. Rxg5 Kf7 27. Nxd5 Ra8 28.
Nc3 Nf6 29. Rg1 Rxa4 30. Bxa4 Ra8 31. Bxc6 bxc6 32. e4 Bg6 33. Rb1 Bh5 34. Rb7+
Kg8 35. f4 Bf3 36. Ke3 Ra3 37. Kxf3 Rxc3+ 38. Ke2 Nxe4 39. Be5 Nf6 40. Rc7 Rc2+
41. Kf3 Rc3+ 42. Ke2 Rc2+ 43. Kd3 Rxh2 44. Rxc6 Kf7 45. Rc7+ Kf8 46. Bd6+ Kg8
47. Re7 Rh3+ 48. Kc4 Rc3+ 49. Kxc3 Nd5+ 50. Kc4 Nxe7 51. Bxe7 h3 52. c6 h2 53.
c7 h1=Q 54. c8=Q+ Kh7 55. Qxe6 Qc1+ 56. Kd5 1-0

[Event "Mercredi 2016.05.11 ABCD"]
[Site "Montreal CAN"]
[Date "2016.06.01"]
[Round "4"]
[White "Jacquet, Stephane"]
[Black "Have, Didier"]
[Result "1/2-1/2"]
[WhiteElo "2036"]
[BlackElo "1990"]
[PlyCount "120"]
[EventDate "2016.05.11"]
[EventType "tourn"]
[EventRounds "5"]
[EventCountry "CAN"]

1. d4 Nf6 2. c4 g6 3. Nc3 Bg7 4. e4 d6 5. Nf3 O-O 6. Be2 e5 7. O-O Nc6 8. d5
Ne7 9. Ne1 Nd7 10. Be3 f5 11. f3 f4 12. Bf2 g5 13. Rc1 Ng6 14. Nd3 Nf6 15. c5
Rf7 16. cxd6 cxd6 17. Qb3 h5 18. Nb5 g4 19. Nxa7 Bd7 20. Qxb7 gxf3 21. Bxf3 Ng4
22. Bb6 Rxa7 23. Qxa7 Qh4 24. h3 Bf8 25. Rc7 Nf6 26. Rf2 Qg3 27. Kf1 Nh4 28. a4
Rg7 29. Ne1 Qh2 30. Ke2 Qg1 31. Rf1 Qh2 32. Bg1 Qg3 33. Bf2 Qg5 34. b4 Ng6 35.
b5 Rf7 36. Kd1 Bh6 37. Kc2 Nf8 38. h4 Qg6 39. Kd3 Nxd5 40. Bxh5 Qxh5 41. exd5
Qd1+ 42. Kc3 Bg7 43. Kb4 Qd2+ 44. Ka3 e4 45. Nc2 Qd3+ 46. Ka2 Qxf1 47. b6 Qxf2
48. Qa5 Qxh4 49. b7 Qf6 50. b8=Q e3 51. Qab4 e2 52. a5 Re7 53. Qe1 Re4 54. Qb3
Ra4+ 55. Na3 Rxa5 56. Rc2 Ba4 57. Qbc3 Bxc2 58. Qxf6 Rxa3+ 59. Kxa3 Bxf6 60.
Qxe2 Bg6 1/2-1/2

[Event "Mercredi 2016.05.11 ABCD"]
[Site "Montreal CAN"]
[Date "2016.06.01"]
[Round "4"]
[White "Lebeau, Gilbert"]
[Black "Nunez, Omar"]
[Result "1/2-1/2"]
[WhiteElo "2053"]
[BlackElo "1972"]
[PlyCount "69"]
[EventDate "2016.05.11"]
[EventType "tourn"]
[EventRounds "5"]
[EventCountry "CAN"]

1. d4 c5 2. d5 d6 3. c4 g6 4. Nf3 Bg7 5. g3 Nf6 6. Nc3 O-O 7. Bg2 Na6 8. O-O
Nc7 9. e4 a6 10. a4 b6 11. Ne1 Rb8 12. Nd3 Nd7 13. Qc2 b5 14. cxb5 axb5 15. b4
c4 16. Nb2 bxa4 17. Rxa4 Nb6 18. Ra3 Bxc3 19. Rxc3 Nb5 20. Re3 Bd7 21. Nd1 Qc7
22. Bb2 Rfc8 23. Nc3 Nxc3 24. Bxc3 Na4 25. Bd4 Rxb4 26. e5 Bf5 27. Qc1 c3 28.
exd6 Qxd6 29. Be5 Qb6 30. Ree1 f6 31. Bf4 Qc5 32. Qa1 Nb2 33. Be3 Qd6 34. Bf4
Qc5 35. Be3 1/2-1/2

[Event "Mercredi 2016.05.11 ABCD"]
[Site "Montreal CAN"]
[Date "2016.06.01"]
[Round "4"]
[White "Nardone, Raul"]
[Black "Lamoureux, Yvon"]
[Result "1-0"]
[WhiteElo "1793"]
[BlackElo "1742"]
[PlyCount "65"]
[EventDate "2016.05.11"]
[EventType "tourn"]
[EventRounds "5"]
[EventCountry "CAN"]

1. d4 c5 2. d5 Nf6 3. c4 e6 4. Nc3 exd5 5. cxd5 d6 6. e4 g6 7. f4 Bg7 8. Bb5+
Nfd7 9. a4 O-O 10. Nf3 Na6 11. O-O Nb4 12. Re1 Nf6 13. h3 a6 14. Bc4 b6 15. e5
Ne8 16. e6 Ra7 17. Ra3 h6 18. Qe2 Qe7 19. exf7+ Qxf7 20. g4 Nf6 21. Ne4 Re7 22.
Nxf6+ Bxf6 23. Re3 Rfe8 24. g5 Rxe3 25. Bxe3 Bd4 26. Qf2 Bxe3 27. Rxe3 Rxe3 28.
Qxe3 Bb7 29. gxh6 Bxd5 30. Ng5 Nc2 31. Bxd5 Nxe3 32. Bxf7+ Kh8 33. Bxg6 1-0

[Event "Mercredi 2016.05.11 ABCD"]
[Site "Montreal CAN"]
[Date "2016.06.01"]
[Round "4"]
[White "Rondon, Luciano"]
[Black "Heredia, Jose"]
[Result "1/2-1/2"]
[WhiteElo "1935"]
[BlackElo "1948"]
[PlyCount "51"]
[EventDate "2016.05.11"]
[EventType "tourn"]
[EventRounds "5"]
[EventCountry "CAN"]

1. d4 d5 2. c4 c6 3. Nc3 Nf6 4. Nf3 e6 5. e3 Nbd7 6. Bd3 dxc4 7. Bxc4 b5 8. Bd3
Bb7 9. O-O a6 10. e4 c5 11. d5 c4 12. Bc2 Nc5 13. a3 Qc7 14. Qe2 Be7 15. d6
Bxd6 16. e5 Bxf3 17. Qxf3 Bxe5 18. Qxa8+ Ke7 19. Qf3 Bxh2+ 20. Kh1 h5 21. Bg5
Be5 22. Rad1 h4 23. Rfe1 Ncd7 24. Rxd7+ Kxd7 25. Rd1+ Ke7 26. Be4 1/2-1/2